<?xml version="1.0" encoding="UTF-8"?>
<collection xmlns="http://www.loc.gov/MARC21/slim">
<record>
  <controlfield tag="001">161820</controlfield>
  <controlfield tag="005">20250630115444.0</controlfield>
  <datafield tag="037" ind1=" " ind2=" ">
    <subfield code="a">TESIS-2025-197</subfield>
  </datafield>
  <datafield tag="041" ind1=" " ind2=" ">
    <subfield code="a">eng</subfield>
  </datafield>
  <datafield tag="100" ind1="1" ind2=" ">
    <subfield code="a">Diaw Ndiaye, Fatou</subfield>
  </datafield>
  <datafield tag="245" ind1="0" ind2="0">
    <subfield code="a">Celdas solares duraderas y eficientes combinando perovskita y nanocristales </subfield>
  </datafield>
  <datafield tag="260" ind1=" " ind2=" ">
    <subfield code="a">Zaragoza</subfield>
    <subfield code="b">Universidad de Zaragoza, Prensas de la Universidad</subfield>
    <subfield code="c">2025</subfield>
  </datafield>
  <datafield tag="300" ind1=" " ind2=" ">
    <subfield code="a">263</subfield>
  </datafield>
  <datafield tag="490" ind1="0" ind2=" ">
    <subfield code="a">Tesis de la Universidad de Zaragoza</subfield>
    <subfield code="x">2254-7606</subfield>
    <subfield code="v">2025-196</subfield>
  </datafield>
  <datafield tag="500" ind1=" " ind2=" ">
    <subfield code="a">Presentado:  29 04 2025</subfield>
  </datafield>
  <datafield tag="502" ind1=" " ind2=" ">
    <subfield code="a">Tesis-Univ. Zaragoza,  , 2025</subfield>
    <subfield code="b">Zaragoza, Universidad de Zaragoza</subfield>
    <subfield code="c">2025</subfield>
  </datafield>
  <datafield tag="520" ind1=" " ind2=" ">
    <subfield code="a">Emerging photovoltaic (PV) technologies are being developed to improve the performance and the stability of solar cells. This thesis focused on the development of scalable and stable solar cells by assembling heterojunction devices. These devices combined perovskites (PK) with quantum dots (QDs) or bismuth-based nanocrystals (NCs). First, single junction solar cells with PK as active layers were fabricated and characterized under ambient conditions (no glove box) to offer a low cost and stable solution with high potential for large scale production. Two types of PV devices (spin coated and drop casted) were prepared using two modified MAPbI3 perovskite formulations (MAPbIxCl1-x and MA1-x(AVA)xPbI3) across planar (C-PSC) and mesoporous (M-PSC) configurations. The resulting maximum power conversion efficiencies (PCE) of &lt;br />the devices were 10.7% and 12.9% for drop casted and spin coated cells, respectively.  &lt;br />Afterwards, the research continued with the synthesis and characterization of Bi2S3 NCs and their introduction into PV devices in combination with perovskite. However, the results were not the optimal, as the performance was not improved.  &lt;br />On a different approach, CsPbBr3 QDs were synthesized by ligand-assisted room temperature processing and compared with commercial QDs produced with the traditional hot-injection method. The two materials had similar optical properties, but differed in their morphology and chemical environment. Different PV devices were fabricated via drop casting using various integration strategies, mixing QDs within the PK &lt;br />(MA1-x(AVA)xPbI3) layer, bilayer heterojunction or applying them on the outer glass surface. The performance obtained by coupling QDs (Q-PSC) with PK was better than PK alone (PSC), from 9.3% for control samples to 10.4% for samples with QDs, with an absolute PCE increase of 11.8%. Dedicated characterizations techniques were used for the analysis of layer modifications due to degradation. &lt;br />To further investigate the stability of these heterojunction devices, aging campaigns at damp heating (85°C/85% RH) conditions and light soaking (1 SUN) exposure were conducted. The study provided in-depth insights into degradation pathways and explored &lt;br />how QDs influence stability and long-term performance.&lt;br /></subfield>
  </datafield>
  <datafield tag="506" ind1=" " ind2=" ">
    <subfield code="a">by-nc</subfield>
    <subfield code="b">Creative Commons</subfield>
    <subfield code="c">3.0</subfield>
    <subfield code="u">http://creativecommons.org/licenses/by-nc/3.0/es</subfield>
  </datafield>
  <datafield tag="520" ind1=" " ind2=" ">
    <subfield code="a">&lt;br /></subfield>
  </datafield>
  <datafield tag="521" ind1=" " ind2=" ">
    <subfield code="9">7103</subfield>
    <subfield code="a">Programa de Doctorado en Ingeniería Química y del Medio Ambiente</subfield>
  </datafield>
  <datafield tag="653" ind1="1" ind2=" ">
    <subfield code="a">energía solar</subfield>
  </datafield>
  <datafield tag="653" ind1="1" ind2=" ">
    <subfield code="a">tecnología de materiales</subfield>
  </datafield>
  <datafield tag="653" ind1="1" ind2=" ">
    <subfield code="a">dispositivos fotoeléctricos</subfield>
  </datafield>
  <datafield tag="700" ind1=" " ind2=" ">
    <subfield code="a">Lionel, Flandin </subfield>
    <subfield code="e">dir.</subfield>
  </datafield>
  <datafield tag="700" ind1=" " ind2=" ">
    <subfield code="a">Bernechea Navarro, María </subfield>
    <subfield code="e">dir.</subfield>
  </datafield>
  <datafield tag="710" ind1="2" ind2=" ">
    <subfield code="a">Universidad de Zaragoza</subfield>
    <subfield code="b"> </subfield>
  </datafield>
  <datafield tag="830" ind1=" " ind2=" ">
    <subfield code="9">515</subfield>
  </datafield>
  <datafield tag="856" ind1="0" ind2=" ">
    <subfield code="f">cdeurop@unizar.es</subfield>
  </datafield>
  <datafield tag="856" ind1="4" ind2=" ">
    <subfield code="u">http://zaguan.unizar.es/record/161820/files/TESIS-2025-197.pdf</subfield>
    <subfield code="z">info:eu-repo/date/embargoEnd/2027-04-29</subfield>
    <subfield code="s">37222490</subfield>
  </datafield>
  <datafield tag="909" ind1="C" ind2="O">
    <subfield code="o">oai:zaguan.unizar.es:161820</subfield>
    <subfield code="p">driver</subfield>
    <subfield code="p">tesis</subfield>
  </datafield>
  <datafield tag="910" ind1="2" ind2=" ">
    <subfield code="a">Ingeniería y Arquitectura</subfield>
    <subfield code="b"> </subfield>
  </datafield>
  <datafield tag="691" ind1=" " ind2=" ">
    <subfield code="a">7 13</subfield>
  </datafield>
  <datafield tag="692" ind1=" " ind2=" ">
    <subfield code="a">Asegurar el acceso a energías asequibles, fiables, sostenibles y modernas para todos.	 Tomar medidas urgentes para combatir el cambio climático y sus efectos.</subfield>
  </datafield>
  <datafield tag="540" ind1=" " ind2=" ">
    <subfield code="9">info:eu-repo/semantics/embargoedAccess</subfield>
  </datafield>
  <datafield tag="980" ind1=" " ind2=" ">
    <subfield code="a">TESIS</subfield>
  </datafield>
</record>
</collection>